00426nam a2200133Ia 4500100002900000942000700029654000900036245005800045260002900103082001400132546001200146999001700158952011700175 aSantacruz operation Inc  cBK aunix aSCO unix system v Development system e language guide bSantacruz Operation Inc. a5.43bSCO aENGLISH c34852d34852 001040708CRCaCRCEbCRCEc1473 | 5d2023-03-17g362.50l0o5.43 SCOp4136r2023-03-17v362.50w2023-03-17yBK